00500nam a22001457a 450000500170000000800410001702000280005804100120008608200140009810000470011224501090015926000380026830000230030665000250032920231030132704.0231030b |||||||| |||| 00| 0 eng d a0424205903 ; 0421244208 aEnglish a347.6 PHI aBuzzhard JH, May, R and Howard MNlEnglish aThe Common Law Library Number 10 Phipson on Evidence : bFirst Supplement to the Twelfth Edition /c1978 aLondon :bSweet & Maxwell, c1978 b23 pages ;c24 cm. alegal practice bLaw